000 00938nam a22002777a 4500
001 BR8404455
003 BR-BrBNA
005 20230928092018.0
007 ta
008 230509b bl.||||| |||| 00| 0 por d
040 _aBR-BrBNA
_bpor
_cBiblioteca Nacional de Agricultura
041 _a(Por)
072 _aK50
_b8901
_b/G514
090 _ 8901 BR8404455
100 1 _aKise, C.M.
110 1 _aUniversidade Federal de Vicosa, MG (Brasil)
_0Tese (Magister Scientiae)
245 1 _aAnalise da situacao da industria madeireira no Estado do Espirito Santo [Brasil]
260 3 _aVicosa, MG (Brasil):
_c1984.
300 _a77 p.
500 _a5 illus.; 18 tables; Bibliography p. 62-66 (50 ref.); Summary (Por). (*) Documento disponível na(o) Universidade Federal de Vicosa, MG (Brazil)
650 _aMADEIRA
650 _aINDUSTRIA FLORESTAL
650 _aESPIRITO SANTO
909 _a202309
_bLucia
_c55
_dLucia Elande
942 _cBK
999 _c36688
_d36688